000 01415cam a2200349 a 4500
999 _c233666
_d233666
001 14954554
003 Nust
005 20170309160149.0
008 070806s2007 nyu 000 1 eng
010 _a 2007032520
020 _a9780312262518
020 _a9780330455824
035 _a(OCoLC)ocn154806776
035 _a(OCoLC)154806776
040 _aDLC
_cDLC
_dBTCTA
_dBAKER
_dUPZ
_dWIQ
_dC#P
_dYDXCP
_dVP@
_dDLC
043 _an-us-sc
050 0 0 _aPS3563.A2555
_bR48 2007
082 0 0 _a813.54
_bMCC
100 1 _aMcCaig, Donald.
245 1 0 _aRhett Butler's people /
_cDonald McCaig.
250 _a1st ed.
260 _aNew York :
_bSt. Martin's Press,
_c2007.
300 _a518 p. ;
_c25 cm.
500 _aSequel to Margaret Mitchell's Gone with the wind.
651 0 _aSouth Carolina
_vFiction.
651 0 _aUnited States
_xHistory
_y1815-1861
_vFiction.
655 7 _aHistorical fiction.
_2gsafd
700 1 _aMitchell, Margaret,
_d1900-1949.
_tGone with the wind.
856 4 2 _3Publisher description
_uhttp://www.loc.gov/catdir/enhancements/fy0743/2007032520-d.html
856 4 2 _3Contributor biographical information
_uhttp://www.loc.gov/catdir/enhancements/fy0743/2007032520-b.html
906 _a7
_bcbc
_corignew
_d1
_eecip
_f20
_gy-gencatlg
942 _2ddc
_cBK